Welcome to the Holygrace Academy Library

Please use search bar below to get started

DHARMMACHAKRAM (Record no. 5045)

MARC details
000 -LEADER
fixed length control field 00621nam a22001457a 4500
020 ## - INTERNATIONAL STANDARD BOOK NUMBER
ISBN 978-81-8266-943-9
082 ## - DEWEY DECIMAL CLASSIFICATION NUMBER
Classification number 894.812.3
Item number PUT/D
100 ## - MAIN ENTRY--AUTHOR NAME
Personal name PUTHUR, UNNIKRISHNAN
245 ## - TITLE STATEMENT
Title DHARMMACHAKRAM
260 ## - PUBLICATION, DISTRIBUTION, ETC. (IMPRINT)
Place of publication KOZHIKODE
Name of publisher MATHRUBHUMI BOOKS
Year of publication 2002
300 ## - PHYSICAL DESCRIPTION
Number of Pages 271
520 ## - SUMMARY, ETC.
Summary, etc A woman is abandoned by her husband and ends up taking care of her only son, who goes on to become a good lawyer. The son promises his mother that he will teach a lesson to his cruel father. A woman is abandoned by her husband and ends up taking care of her only son, who goes on to become a good lawyer.
650 ## - SUBJECT ADDED ENTRY--TOPICAL TERM
Topical Term NOVEL
942 ## - ADDED ENTRY ELEMENTS (KOHA)
Koha item type Books
Holdings
Withdrawn status Lost status Collection code Home library Current library Shelving location Date acquired Source of acquisition Cost, normal purchase price Full call number Accession Number Koha item type
    Fiction Main Library Main Library SHELF-16- J- MALAYALAM NOVELS,FICTIONS 06/12/2019 Purchase 165.00 894.812.3 PUT/D 12214 Books